| 000 | 01297nam a22003617a 4500 | ||
|---|---|---|---|
| 999 |
_c786 _d786 |
||
| 001 | 001665 | ||
| 003 | CoMeUDC001665 | ||
| 005 | 20190115214047.0 | ||
| 008 | 910226s1985 ck b 001 0 spa | ||
| 010 | _a 91122979 | ||
| 020 | _a9586041247 | ||
| 040 |
_aDLC _cCoMeUDC |
||
| 041 | 1 |
_aspa _hger |
|
| 043 | _ae-gw--- | ||
| 050 | 0 | 0 |
_aKK3927 _b.W3518 1985 |
| 082 | 0 | 0 |
_a347.06 _220 _bW231 |
| 100 | 1 |
_aWalter, Gerhard, _d1949- |
|
| 240 | 1 | 0 |
_aFreie Beweiswürdigung. _lSpanish |
| 245 | 1 | 0 |
_aLibre apreciación de la prueba : _binvestigación acerca del significado, las condiciones y límites del libre convencimiento judicial / _cGerhard Walter. |
| 260 |
_aBogotá, Colombia : _bEditorial Temis Librería, _c1985. |
||
| 300 |
_axv, 413 p. ; _c24 cm. |
||
| 500 | _aTranslation of: Freie Beweiswürdigung. | ||
| 504 | _aIncludes bibliographical references (p. [391]-407) and index. | ||
| 650 | 0 |
_aEvidencia (Ley). _zGermany (West) _91081 |
|
| 650 | 0 |
_aJueces. _zGermany (West) _91082 |
|
| 650 | 0 |
_aProceso judicial. _zGermany (West) _91083 |
|
| 650 | 0 | _aEvidence (Law) | |
| 650 | 0 | _aJudges. | |
| 650 | 0 | _aJudicial process. | |
| 906 |
_a7 _bcbc _corignew _d4 _encip _f19 _gy-gencatlg |
||
| 942 |
_2ddc _cBK |
||